¿Cómo investigar para la escuela? (Registro nro. 10434)

Detalles MARC
000 -LEADER
fixed length control field 00881nam a2200265 a 4500
001 - CONTROL NUMBER
control field 0000421
003 - CONTROL NUMBER IDENTIFIER
control field DO-SdBNP
005 - DATE AND TIME OF LATEST TRANSACTION
control field 20160620094514.0
007 - PHYSICAL DESCRIPTION FIXED FIELD--GENERAL INFORMATION
fixed length control field 0000421
008 - FIXED-LENGTH DATA ELEMENTS--GENERAL INFORMATION
fixed length control field 091125s2011 ag a 000 0 spa d
020 ## - INTERNATIONAL STANDARD BOOK NUMBER
International Standard Book Number 9789871404452
040 ## - CATALOGING SOURCE
Original cataloging agency BPMSU
Language of cataloging spa
Transcribing agency BPMSU
100 1# - MAIN ENTRY--PERSONAL NAME
Personal name Bellante, Viviana
245 10 - TITLE STATEMENT
Title ¿Cómo investigar para la escuela?
Remainder of title claves para aprender a buscar información /
Statement of responsibility, etc. Viviana Bellante, Ana Laura Saucedo ; ilustraciones Fernando Brancaccio, Juan David Velez
260 ## - PUBLICATION, DISTRIBUTION, ETC. (IMPRINT)
Place of publication, distribution, etc. Buenos Aires :
Name of publisher, distributor, etc. Circulo latino Austral,
-- Lexus,
Date of publication, distribution, etc. 2011.
300 ## - PHYSICAL DESCRIPTION
Extent 127 p. :
Other physical details il. ;
Dimensions 26 cm.
490 1# - SERIES STATEMENT
Series statement Biblioteca del estudiante
Volume/sequential designation 2
700 1# - ADDED ENTRY--PERSONAL NAME
Personal name Saucedo, Ana Laura
700 1# - ADDED ENTRY--PERSONAL NAME
Personal name Brancaccio, Fernando
Relator term il.
700 1# - ADDED ENTRY--PERSONAL NAME
Personal name Velez, Juan David
Relator term il.
830 #0 - SERIES ADDED ENTRY--UNIFORM TITLE
Uniform title Biblioteca del estudiante
Volume number/sequential designation 2
910 ## - USER-OPTION DATA (OCLC)
User-option data
942 ## - ADDED ENTRY ELEMENTS (KOHA)
Source of classification or shelving scheme Dewey Decimal Classification
Koha item type Libros
956 ## - LOCAL ELECTRONIC LOCATION AND ACCESS (OCLC)
Host name Yngrid Lockward
Access number 10
Existencias
Withdrawn status Lost status Source of classification or shelving scheme Damaged status Not for loan Collection code Home library Current library Date acquired Source of acquisition Total Checkouts Barcode Date last seen Price effective from Koha item type
    Dewey Decimal Classification       Biblioteca Pública Metropolitana Salomé Ureña Biblioteca Pública Metropolitana Salomé Ureña 06/20/2016 Donación   BPMSU16060242 06/20/2016 06/20/2016 Libros